| 000 | 00363 a2200133 4500 | ||
|---|---|---|---|
| 003 | Nust | ||
| 005 | 20170207164545.0 | ||
| 020 | _a1-56205-747-2 | ||
| 040 | _cNust | ||
| 245 |
_aMCSE Training Guide: TCP/IP _cEmmett Dulaney john white Sherwood Lawrence raymond williams Robert Scrimger |
||
| 260 |
_aUSA _bNew Riders Publishing _c1998 |
||
| 300 | _a674p | ||
| 500 | _aE Book | ||
| 942 |
_2ddc _cBK |
||
| 999 |
_c209252 _d209252 |
||